Văn hóa Việt Nam truyền thống Một góc nhìn
Đại cương văn hóa Việt Nam truyền thống. Đời sống vật chất - kinh tế. Đời sống xã hội - chính trị. Đời sống tư tưởng tâm linh. Đời sống văn hóa nghệ thuật. Cộng đồng văn hóa Việt Nam.
Enregistré dans:
| Auteur principal: | |
|---|---|
| Format: | Livre |
| Langue: | Vietnamese |
| Publié: |
H.
Thông tin và truyền thông
2015
|
| Édition: | Tái bản lần 1 |
| Sujets: | |
| Tags: |
Ajouter un tag
Pas de tags, Soyez le premier à ajouter un tag!
|
| Thư viện lưu trữ: | Mạng thư viện Đại học Đà Nẵng |
|---|
| LEADER | 01336nam a2200325 4500 | ||
|---|---|---|---|
| 001 | 000024069 | ||
| 003 | 20548 | ||
| 005 | 20160928100902.0 | ||
| 008 | 160928s2015 viesd | ||
| 020 | |c 150000đ | ||
| 041 | 0 | |a vie | |
| 082 | 1 | 4 | |a 306.09597 |b NG-H |
| 100 | 1 | |a Nguyễn Thừa Hỷ | |
| 245 | 1 | 0 | |a Văn hóa Việt Nam truyền thống |b Một góc nhìn |c Nguyễn Thừa Hỷ |
| 250 | |a Tái bản lần 1 | ||
| 260 | |a H. |b Thông tin và truyền thông |c 2015 | ||
| 300 | |a 595 tr. |b hình ảnh |c 24 cm. | ||
| 520 | 3 | |a Đại cương văn hóa Việt Nam truyền thống. Đời sống vật chất - kinh tế. Đời sống xã hội - chính trị. Đời sống tư tưởng tâm linh. Đời sống văn hóa nghệ thuật. Cộng đồng văn hóa Việt Nam. | |
| 650 | 0 | 4 | |a Văn hóa truyền thống |z Việt Nam |
| 653 | |a Văn hóa Việt Nam | ||
| OWN | |a LSP | ||
| AVA | |a UDN50 |b LSP |d 306.09597 NG-H |e available |t Error 5001 Not defined in file expand_doc_bib_avail. |f 2 |g 0 |h N |i 1 |k 1 | ||
| 999 | |a From the UDN01 | ||
| AVA | |a UDN50 |b LSP |d 306.09597 NG-H |e available |t Error 5001 Not defined in file expand_doc_bib_avail. |f 2 |g 0 |h N |i 1 |k 1 | ||
| TYP | |a Monograph | ||
| TYP | |a Printed language | ||
| 980 | |a Mạng thư viện Đại học Đà Nẵng | ||